Statistics for Star Wars: The Force Awakens main characters

Click here to take the quiz!

General Stats

  • This quiz has been taken 662 times
  • The average score is 12 of 17

Answer Stats

Answer% Correct
Rey
98%
Finn
97%
Han Solo
96%
Princess Leia
95%
Kylo Ren
94%
Poe Dameron
89%
Chewbacca
84%
Luke Skywalker
83%
BB8
79%
Supreme Leader Snoke
73%
C3PO
72%
R2D2
71%
Captain Phasma
56%
General Hux
56%
Maz Kanata
39%
Admiral Ackbar
24%
Teedo
10%

Score Distribution

Percentile by Number Answered

Percent of People with Each Score

Your Score History

You have not taken this quiz